[Event "Kalavryta Rapid"]
[Site "Kalavryta"]
[Date "2013.12.08"]
[Round "5.7"]
[White "Tsiantas, Theofanis"]
[Black "Polizou, Dionisia"]
[Result "1/2-1/2"]
[WhiteElo "1585"]
[BlackElo "1878"]
[PlyCount "137"]
[EventDate "2013.12.07"]
[EventType "swiss (rapid)"]
[EventRounds "7"]
[EventCountry "GRE"]
[SourceTitle "EXT 2024"]
[Source "ChessBase"]
[SourceDate "2023.10.10"]
[SourceVersion "1"]
[SourceVersionDate "2023.10.10"]
[SourceQuality "1"]

1. d4 Nf6 2. Nf3 g6 3. c4 d6 4. Nc3 Bg7 5. e3 0-0 6. Be2 b6 7. 0-0 Bb7 8. a4 c5 9. d5 e5 10. e4 Bc8 11. Bg5 Qd7 12. a5 Bb7 13. Nb5 Nxe4 14. axb6 axb6 15. Bd3 Rxa1 16. Qxa1 Nxg5 17. Nxg5 Re8 18. Qa7 Na6 19. Nxd6 Qxd6 20. Qxb7 Nc7 21. Ne4 Qd8 22. Qxb6 f5 23. Nc3 Qe7 24. Ra1 e4 25. Bf1 Be5 26. Re1 Ra8 27. Qb3 Na6 28. Qa4 Qd6 29. h3 Rb8 30. Nb5 Qd7 31. Rb1 Nb4 32. Qa7 Rb7 33. Qxc5 Na6 34. Qc6 Nb4 35. Qxd7 Rxd7 36. b3 Kf7 37. Re1 Nc2 38. Re2 Nb4 39. f3 Kf6 40. fxe4 fxe4 41. Rxe4 Nc2 42. Re2 Nb4 43. Rf2+ Ke7 44. Rf3 Nc2 45. g4 Rd8 46. Rf2 Nd4 47. Ra2 Nxb3 48. Ra7+ Ke8 49. Rxh7 Nd2 50. Nc7+ Bxc7 51. Rxc7 Nf3+ 52. Kf2 Ng5 53. Kg2 Nf7 54. Bd3 Ne5 55. Bc2 Ra8 56. Kg3 Ra3+ 57. Kh4 Nf3+ 58. Kg3 Ne1+ 59. Kf2 Nxc2 60. c5 Rxh3 61. Rc6 Nd4 62. Rxg6 Rf3+ 63. Kg2 Rd3 64. Rg7 Kd8 65. c6 Nb5 66. Rb7 Rxd5 67. Rd7+ Rxd7 68. cxd7 Kxd7 69. Kg3 1/2-1/2